000 00334nam a2200145Ia 4500
100 _aKelkar / S.A/ Olson/M.H
942 _cBK
654 _aInformation System
245 _aManagement Information System
260 _bPrentice Hall
_aNew york
_c2003
082 _a658.45
_bKEL
300 _a255
546 _aENGLISH
999 _c19216
_d19216